00989nam a2200265 a 4500001001000000003000500010005001700015008004100032010001100073011001100084040000900095100003100104245014800135260004100283500006000324502008700384650003700471650003300508650002600541650001800567650002600585650002900611650001300640856007000653000111872CHAP20220329144233.0150925s2015 mx a fsm |||||||spa d a108333 a109305 cCHAP1 aParra Álvarez, Joaquín10aEvaluación de cargas de combustible en rodales de pino-encino del municipio de Zautla, Puebla /h[En línea]cpor Joaquín Parra Álvarez. aChapingo, Méx. :bEl autor,c2015. aPara ver el contenido del material haga clic en la liga aTesis (Ing. en Restauración Forestal) -- UACH. División de Ciencias Forestales14aÁrbolesxDaños por el fuego.14aBosquesxIncendiosxControl.14aBosquesxInventarios.14aEvaluación.14aFuego y vegetación.14aMadera como combustible.14aRodales. aFinding aiduhttp://10.13.5.2/tesis/sist111872.pdfzTeclea aquí